000 00335nam a2200109Ia 4500
008 171211s9999 xx 000 0 und d
245 _aUltimate Nintendo: Guide to the NES Library
245 _cBlake Harris, Oliver Arcee, and Pat Contri
260 _c2016
650 _xGAMES
856 _uhttp://down.ebook777.com/055/9780997328301.pdf
999 _c348922
_d348922